LIBRARY ONLINE CATALOGUE

Foundations in microbiology : (Record no. 11338)

MARC details
000 -LEADER
fixed length control field 00658cam a22002172 4500
001 - CONTROL NUMBER
control field 0000020282
005 - DATE AND TIME OF LATEST TRANSACTION
control field 20151217154439.0
008 - FIXED-LENGTH DATA ELEMENTS--GENERAL INFORMATION
fixed length control field 110908s xx 000 0 eng d
020 ## - INTERNATIONAL STANDARD BOOK NUMBER
International Standard Book Number 0072994957
040 ## - CATALOGING SOURCE
Original cataloging agency KABU
Transcribing agency KABU
100 1# - MAIN ENTRY--PERSONAL NAME
Personal name Talaro, Kathleen Park.
-- 0000180414
245 10 - TITLE STATEMENT
Title Foundations in microbiology :
Remainder of title basic principles /
Statement of responsibility, etc. Kathleen Park Talaro.
250 ## - EDITION STATEMENT
Edition statement 6th ed.
260 ## - PUBLICATION, DISTRIBUTION, ETC. (IMPRINT)
Place of publication, distribution, etc. Boston :
Name of publisher, distributor, etc. McGraw Hill,
Date of publication, distribution, etc. 2008.
300 ## - PHYSICAL DESCRIPTION
Extent xxv, 534 p.
650 #0 - SUBJECT ADDED ENTRY--TOPICAL TERM
Topical term or geographic name as entry element Microbiology.
-- 0000155702
650 #0 - SUBJECT ADDED ENTRY--TOPICAL TERM
Topical term or geographic name as entry element Medical microbiology.
-- 0000155703
852 1# - LOCATION
-- p1000 KES
908 ## - PUT COMMAND PARAMETER (RLIN)
Put command parameter 110908
950 ## - LOCAL HOLDINGS (RLIN)
-- 1
Holdings
Withdrawn status Lost status Source of classification or shelving scheme Not for loan Home library Current library Date acquired Total Checkouts Full call number Barcode Date last seen Date last checked out Price effective from Koha item type Total Renewals
    Library of Congress Classification   Kabarak, Main Campus Kabarak, Main Campus 17/12/2015 18 QR41.2 .T35 2008 c. 1 21605 04/05/2026 31/03/2026 17/12/2015 General Collection  
    Library of Congress Classification   Kabarak, Main Campus Kabarak, Main Campus 17/12/2015 13 QR41.2 .T35 2008 c. 2 19587 04/10/2022 15/09/2022 17/12/2015 General Collection 2